বঙ্গোপসাগরের মাৎস্য সম্পদ / (Record no. 70962)
[ view plain ]
| 000 -LEADER | |
|---|---|
| fixed length control field | 00910nam a2200229 a 4500 |
| 001 - CONTROL NUMBER | |
| control field | 70962 |
| 003 - CONTROL NUMBER IDENTIFIER | |
| rucl marc code | BD-RjUL |
| 005 - DATE AND TIME OF LATEST TRANSACTION | |
| control field | 20211209082049.0 |
| 008 - FIXED-LENGTH DATA ELEMENTS--GENERAL INFORMATION | |
| fixed length control field | 170423s1983 bg a|||| |||| 000 0 ben d |
| 020 ## - INTERNATIONAL STANDARD BOOK NUMBER | |
| Terms of availability | : Tk. 7.00 |
| 035 ## - SYSTEM CONTROL NUMBER | |
| System control number | (BD-RjUL)71176 |
| 040 ## - CATALOGING SOURCE | |
| Original cataloging agency | BD-RjUL |
| Language of cataloging | ben |
| Transcribing agency | BD-RjUL |
| Modifying agency | BD-RjUL |
| 041 ## - LANGUAGE CODE | |
| Language code of text/sound track or separate title | ben |
| 082 ## - DEWEY DECIMAL CLASSIFICATION NUMBER | |
| Edition number | 23 |
| Classification number | 639.2 |
| Author mark and year | KUB 1983 |
| 100 1# - MAIN ENTRY--PERSONAL NAME | |
| Personal name | কুদদুস, মিয়াঁ মুহাম্মদ আবদুস |
| 9 (RLIN) | 209987 |
| 245 10 - TITLE STATEMENT | |
| Title | বঙ্গোপসাগরের মাৎস্য সম্পদ / |
| Statement of responsibility, etc. | মিয়াঁ মুহাম্মদ আবদুস কুদদুস |
| 260 ## - PUBLICATION, DISTRIBUTION, ETC. (IMPRINT) | |
| Place of publication, distribution, etc. | ঢাকা : |
| Name of publisher, distributor, etc. | বাংলা একাডেমী, |
| Date of publication, distribution, etc. | ১৯৮৩ [১৩৯০] |
| 300 ## - PHYSICAL DESCRIPTION | |
| Pagination | ৪৭৬ পৃ. : |
| Illustrations | চিত্র. ; |
| Size | ২৫ সেমি. |
| 650 ## - SUBJECT ADDED ENTRY--TOPICAL TERM | |
| Topical term or geographic name as entry element | মৎস্য সম্পদ |
| 9 (RLIN) | 209988 |
| Topical term or geographic name as entry element | Fishery resources |
| 9 (RLIN) | 209989 |
| 942 ## - ADDED ENTRY ELEMENTS (KOHA) | |
| Source of classification or shelving scheme | Dewey Decimal Classification |
| Koha item type | Books |
| Lost status | Source of classification or shelving scheme | Damaged status | Not for loan | Collection code | Permanent Location | Current Location | Shelving location | Date acquired | Source of acquisition | Cost, normal purchase price | Total Checkouts | Full call number | Date last seen | Copy number | Koha item type |
|---|---|---|---|---|---|---|---|---|---|---|---|---|---|---|---|
| Dewey Decimal Classification | Not For Loan | Non-fiction | Central Library, University of Rajshahi | Central Library, University of Rajshahi | Reading Room | 14/03/1984 | Bangla Academi, Dhaka | 0.00 | B 639.2 KUB 1983 | 23/04/2017 | C-1 | Books |